000 00898nam a2200253 i 4500
001 bg
003 KOSZ 005
005 20191122080432.0
008 070923s1969 pl a f 001 0 pol
015 _aPB 1969/1248
040 _aWA N
_cKOSZ 005/RW
_dKOSZ 005/RW
080 _a65.01+331.87
100 1 _aFrąckiewicz, Jan Leon
_d(1924-2001)
_eAutor
245 1 0 _aOrganizacja pracy i kierownictwa /
_cJan Frąckiewicz.
260 _aWarszawa :
_bPaństwowe Wydawnictwo Ekonomiczne,
_c1969.
300 _a341, [3] s., [14] s. tabl. :
_bil. ;
_c23 cm.
380 _aKsiążki.
504 _aBibliogr. przy rozdz. Indeks.
650 4 _aPraca
_xorganizacja.
650 4 _aZarządzanie
710 2 _aPaństwowe Wydawnictwo Ekonomiczne
_4pbl.
856 _uhttp://koha.tu.koszalin.pl/cgi-bin/koha/opac-detail.pl?biblionumber=11574
_yKatalog online BPK
942 _2UKD
_cKS
999 _c11574
_d11574